El pensamiento político de Tocqueville : (Record no. 6387)

MARC details
000 -LEADER
campo de control de longitud fija 00769nam a2200217 i 4500
001 - NÚMERO DE CONTROL
campo de control 6387
003 - IDENTIFICADOR DE NÚMERO DE CONTROL
campo de control ES-MaACL
005 - FECHA Y HORA DE LA ÚLTIMA TRANSACCIÓN
campo de control 20230906144917.0
008 - DATOS DE LONGITUD FIJA--INFORMACIÓN GENERAL
campo de control de longitud fija 891009s1989 sp ||||1| spa d
020 ## - NÚMERO INTERNACIONAL ESTÁNDAR DEL LIBRO
Número Internacional Estándar del Libro 84-206-2584-1
080 ## - NÚMERO DE LA CLASIFICACIÓN DECIMAL UNIVERSAL
Número de la Clasificación Decimal Universal 32:92 Tocqueville, Alexis de
100 1# - ENTRADA PRINCIPAL--NOMBRE DE PERSONA
Nombre de persona Díez del Corral, Luis.
9 (RLIN) 44718
245 13 - MENCIÓN DEL TÍTULO
Título El pensamiento político de Tocqueville :
Resto del título formación intelectual y ambiente histórico /
Mención de responsabilidad, etc. Luis Díez del Corral.
260 ## - PUBLICACIÓN, DISTRIBUCIÓN, ETC.
Lugar de publicación, distribución, etc. Madrid :
Nombre del editor, distribuidor, etc. Alianza Editorial,
Fecha de publicación, distribución, etc. [1989]
300 ## - DESCRIPCIÓN FÍSICA
Extensión 402 p. ;
Dimensiones 20 cm.
490 1# - MENCIÓN DE SERIE
Mención de serie Alianza universidad. Historia ;
Designación de volumen o secuencia 584
600 14 - PUNTO DE ACCESO ADICIONAL DE MATERIA--NOMBRE DE PERSONA
Nombre de persona Tocqueville, Alexis de-
Subdivisión general Pensamiento político.
9 (RLIN) 172010
830 1# - PUNTO DE ACCESO ADICIONAL DE SERIE-TÍTULO UNIFORME
Título uniforme Alianza universidad. Historia ;
Designación de volumen o secuencia 584
9 (RLIN) 177525
852 ## - LOCALIZACIÓN
Ubicación ES-MaACL
Número de control de estantería L-13532
Holdings
Estatus retirado Estado de pérdida Estado de daño No para préstamo Biblioteca de origen Biblioteca actual Ubicación en estantería Fecha de adquisición Fuente de adquisición Total de préstamos Signatura topográfica completa Código de barras Visto por última vez Precio de reemplazo Tipo de ítem Koha
        Biblioteca del Ateneo de Madrid Biblioteca del Ateneo de Madrid Depósito 2 17/01/2008     L-13532 1006502 23/02/2023 23/02/2023 Libro impreso